00637nam a2200241Ia 4500001000600000003000900006008004100015040001300056040001300069041001300082100001700095100002800112245001700140245001700157250001100174260001100185260002000196260004900216300004100265500002700306650003100333650003100364 398IT-RoPAU130308s9999 xx 000 0 und d aIT-RoPAU cIT-RoPAU aITALIANO aStock Dennis gCodice Aut. SPICS: 990 aAmerica seen bAmerica Seen a1a ed. aMODENA bPunto e Virgola c1980 [1° Ed.:1980 - Ed.Ling.Originale:1980] a"72 p. (prefazione: no ; testo: 72)" aFoto di Vita Americana aAUTORI/OPERE DI FOTOGRAFIA eCodice materia Spics: 6757